Rivers of the Southwest : a boaters guide to the rivers of Colorado, New Mexico, Utah, and Arizona /

Bibliographic Details
Main Author: Anderson, Fletcher, 1948-
Other Authors: Hopkinson, Ann, 1951-
Format: Book
Language:English
Published: Boulder, Colo. : Pruett Pub. Co., [1987]
Edition:2nd ed.
Subjects:

MARC

Tag First Indicator Second Indicator Subfields
LEADER 00000cam a2200000 a 4500
001 in00000992140
005 20150927152503.0
008 870204s1987 couaf 00010 eng
010 |a  87002364  
020 |a 0871087308 (pbk.) 
035 |a (OCoLC)15221440 
035 |9 AEX7643AM 
040 |a DLC  |c DLC  |d m/c  |d TXA  |d UtOrBLW 
043 |a n-ust-- 
049 |a TXAC 
050 0 0 |a GV776.S66  |b A53 1987 
082 0 |a 917.8  |2 19 
100 1 |a Anderson, Fletcher,  |d 1948- 
245 1 0 |a Rivers of the Southwest :  |b a boaters guide to the rivers of Colorado, New Mexico, Utah, and Arizona /  |c Fletcher Anderson and Ann Hopkinson. 
250 |a 2nd ed. 
264 1 |a Boulder, Colo. :  |b Pruett Pub. Co.,  |c [1987] 
264 4 |c ©1987 
300 |a 129 pages, 4 unnumbered pages of plates :  |b illustrations (some color) ;  |c 21 x 26 cm. 
336 |a text  |b txt  |2 rdacontent 
337 |a unmediated  |b n  |2 rdamedia 
338 |a volume  |b nc  |2 rdacarrier 
650 0 |a Rafting (Sports)  |z Southwestern States  |x Guidebooks. 
650 0 |a White-water canoeing  |z Southwestern States  |x Guidebooks. 
651 0 |a Southwestern States  |x Description and travel  |x Guidebooks. 
700 1 |a Hopkinson, Ann,  |d 1951- 
999 |a MARS 
999 f f |s 8ba27a00-3576-34dd-a24e-385607a57f6b  |i 1541641b-ec0b-3a35-bc29-35f5cc26c5b0  |t 0 
952 f f |p normal  |a Texas A&M University  |b College Station  |c Sterling C. Evans Library  |d Evans: Maps (2nd floor)  |t 0  |e GV776.S66 A53 1987  |h Library of Congress classification  |i unmediated -- volume  |m A14813754720 
998 f f |a GV776.S66 A53 1987  |t 0  |l Evans: Maps (2nd floor)